[Event "DSOL 01 Liga Gr-D 1st"]
[Site "Playchess.com INT"]
[Date "2020.08.05"]
[Round "7.4"]
[White "Deutsch, Christoph"]
[Black "Tereick, Benjamin"]
[Result "0-1"]
[WhiteElo "1939"]
[BlackElo "2390"]
[PlyCount "44"]
[EventDate "2020.06.22"]
[EventType "team-tourn (rapid)"]
[EventCountry "GER"]
[SourceTitle "EXT 2021"]
[Source "ChessBase"]
[SourceDate "2020.10.23"]
[SourceVersion "1"]
[SourceVersionDate "2020.10.23"]
[SourceQuality "1"]
[WhiteTeam "Gruendau"]
[BlackTeam "Dinslaken"]
[WhiteTeamCountry "GER"]
[BlackTeamCountry "GER"]

1. e4 e6 2. d4 d5 3. exd5 exd5 4. c4 Nf6 5. Nc3 Bb4 6. Nf3 0-0 7. Be3 Nc6 8. a3 Bxc3+ 9. bxc3 Re8 10. h3 Na5 11. Ne5 Be6 12. Qa4 c6 13. Bd3 dxc4 14. Nxc4 Nxc4 15. Bxc4 b5 16. Bxb5 cxb5 17. Qxb5 Rc8 18. Rc1 Bc4 19. Qb2 Nd5 20. Qd2 Qg5 21. Rg1 Nxe3 22. fxe3 Rxe3+ 0-1

[Event "Amsterdam Science Park op-A"]
[Site "Amsterdam"]
[Date "2017.07.16"]
[Round "9"]
[White "Biastoch, Bennet"]
[Black "Tereick, Benjamin"]
[Result "1/2-1/2"]
[WhiteElo "2173"]
[BlackElo "2410"]
[PlyCount "86"]
[EventDate "2017.07.08"]
[EventType "swiss"]
[EventRounds "9"]
[EventCountry "NED"]
[SourceTitle "CBM 179 Extra"]
[Source "ChessBase"]
[SourceDate "2017.08.23"]
[SourceVersion "1"]
[SourceVersionDate "2017.08.23"]
[SourceQuality "1"]

1. e4 e6 2. d4 d5 3. Nc3 Nf6 4. e5 Nfd7 5. f4 c5 6. Nf3 Nc6 7. Be3 cxd4 8. Nxd4 Bc5 9. Qd2 0-0 10. 0-0-0 a6 11. Qf2 Nxd4 12. Bxd4 Qc7 13. Bd3 Bxd4 14. Qxd4 b5 15. Rhe1 Qc5 16. Ne2 b4 17. Qxc5 Nxc5 18. Nd4 a5 19. g3 Ba6 20. Bxa6 Rxa6 21. Re3 Rc8 22. Rd2 Ne4 23. Rdd3 a4 24. a3 Rb6 25. Re2 g6 26. Rg2 bxa3 27. Rxa3 Rb4 28. Nf3 d4 29. Ne1 Nc5 30. Nd3 Rc4 31. Nxc5 R8xc5 32. Rd2 Rd5 33. Rad3 Kg7 34. Kd1 Rb4 35. c3 dxc3 36. bxc3 Rb1+ 37. Ke2 Rc5 38. Ra2 Ra5 39. Rd4 a3 40. Rb4 Rxb4 41. cxb4 Rb5 42. Rxa3 Rxb4 43. Kf3 h5 1/2-1/2

[Event "Oberliga NRW 1617"]
[Site "Germany"]
[Date "2016.09.25"]
[Round "1.2"]
[White "Tereick, Benjamin"]
[Black "Buscher, Michael"]
[Result "0-1"]
[WhiteElo "2426"]
[BlackElo "2398"]
[PlyCount "106"]
[EventDate "2016.09.25"]
[EventType "team-tourn"]
[EventRounds "9"]
[EventCountry "GER"]
[SourceTitle "EXT 2020"]
[Source "ChessBase"]
[SourceDate "2019.10.17"]
[SourceVersion "1"]
[SourceVersionDate "2019.10.17"]
[SourceQuality "1"]
[WhiteTeam "Dinslaken"]
[BlackTeam "Aachen Aufwaerts II"]
[WhiteTeamCountry "GER"]
[BlackTeamCountry "GER"]

1. Nf3 d6 2. d4 f5 3. Nc3 Nf6 4. Bg5 d5 5. e3 Be6 6. Ne2 Nbd7 7. Nf4 Bf7 8. Ne5 e6 9. Nxf7 Kxf7 10. Be2 Bd6 11. c4 c6 12. 0-0 Qb8 13. h4 Ne4 14. Nh3 h6 15. Bf4 g5 16. Bxd6 Qxd6 17. Bd3 Rag8 18. cxd5 cxd5 19. Bxe4 dxe4 20. f4 exf3 21. Qxf3 g4 22. Qf4 Ke7 23. Qxd6+ Kxd6 24. Nf4 Rc8 25. Rac1 Nf6 26. Ng6 Rhg8 27. Ne5 Kd5 28. Rc3 Rxc3 29. bxc3 Ke4 30. Rb1 Rg7 31. Kf2 Nd5 32. Nc4 g3+ 33. Ke1 Nxe3 34. Nxe3 Kxe3 35. Rb2 Rc7 36. Re2+ Kd3 37. Rxe6 Rxc3 38. Kd1 Kxd4 39. Rxh6 Ra3 40. Ke2 Ke4 41. Re6+ Kf4 42. h5 Rxa2+ 43. Kf1 Rf2+ 44. Kg1 Rc2 45. Kf1 Rc1+ 46. Ke2 Rg1 47. h6 Rxg2+ 48. Kf1 Rh2 49. Re7 Rxh6 50. Rxb7 Ra6 51. Rb4+ Kf3 52. Rb3+ Kg4 53. Kg2 Ra2+ 0-1

[Event "Titled Tuesday intern op 7th June"]
[Site "Chess.com INT"]
[Date "2016.06.07"]
[Round "6"]
[White "Mikhalevski, Victor"]
[Black "Tereick, Benjamin"]
[Result "1/2-1/2"]
[WhiteElo "2533"]
[BlackElo "2426"]
[PlyCount "60"]
[EventDate "2016.06.07"]
[EventType "swiss (blitz)"]
[EventRounds "9"]
[EventCountry "USA"]
[SourceTitle "EXT 2021"]
[Source "ChessBase"]
[SourceDate "2020.10.23"]
[SourceVersion "1"]
[SourceVersionDate "2020.10.23"]
[SourceQuality "1"]

1. Nf3 d5 2. g3 Nf6 3. Bg2 c6 4. 0-0 Bf5 5. d3 e6 6. Nbd2 h6 7. c4 Nbd7 8. Qb3 Rb8 9. Nd4 Bh7 10. cxd5 exd5 11. N2f3 Bd6 12. Nh4 0-0 13. Ndf5 Be5 14. Qc2 Re8 15. e4 dxe4 16. dxe4 Qb6 17. Be3 Qxb2 18. Qxb2 Bxb2 19. Rab1 Ba3 20. Bxa7 Ra8 21. Rxb7 Bc5 22. Bxc5 Nxc5 23. Rc7 Ncxe4 24. Ra1 Ra6 25. Ne7+ Kf8 26. Nxc6 Nd5 27. Rd7 Ndf6 28. Rc7 Nd5 29. Rd7 Ndf6 30. Rc7 Nd5 1/2-1/2

[Event "Titled Tuesday intern op 7th June"]
[Site "Chess.com INT"]
[Date "2016.06.07"]
[Round "4"]
[White "Tereick, Benjamin"]
[Black "Dlugy, Maxim"]
[Result "0-1"]
[WhiteElo "2426"]
[BlackElo "2518"]
[PlyCount "81"]
[EventDate "2016.06.07"]
[EventType "swiss (blitz)"]
[EventRounds "9"]
[EventCountry "USA"]
[SourceTitle "EXT 2021"]
[Source "ChessBase"]
[SourceDate "2020.10.23"]
[SourceVersion "1"]
[SourceVersionDate "2020.10.23"]
[SourceQuality "1"]

1. Nf3 Nf6 2. g3 g6 3. b3 Bg7 4. Bb2 0-0 5. Bg2 a5 6. c4 d6 7. 0-0 a4 8. b4 e5 9. d3 Re8 10. e4 Nbd7 11. a3 c5 12. Nc3 Nb6 13. Ne1 Nfd7 14. Nb5 Nf8 15. f4 Ne6 16. f5 Nd4 17. Nxd4 exd4 18. g4 Nd7 19. Nf3 Ne5 20. bxc5 Nxg4 21. fxg6 fxg6 22. cxd6 Ne3 23. Qd2 Nxf1 24. Rxf1 Qxd6 25. Qf2 Bg4 26. e5 Qd7 27. Bxd4 Bxf3 28. Bxf3 Rxe5 29. Bxe5 Bxe5 30. Bd5+ Kh8 31. Qg2 Re8 32. Rf7 Qd6 33. Qh3 Bd4+ 34. Kf1 Bg7 35. Qd7 Qe5 36. Rxg7 Qe2+ 37. Kg1 Qe1+ 38. Kg2 Re2+ 39. Kh3 Qf1+ 40. Kh4 Qf4+ 41. Qg4 0-1

[Event "Titled Tuesday intern op 7th June"]
[Site "Chess.com INT"]
[Date "2016.06.07"]
[Round "2"]
[White "Tereick, Benjamin"]
[Black "Pace, Christopher"]
[Result "1-0"]
[WhiteElo "2426"]
[BlackElo "2084"]
[PlyCount "71"]
[EventDate "2016.06.07"]
[EventType "swiss (blitz)"]
[EventRounds "9"]
[EventCountry "USA"]
[SourceTitle "EXT 2021"]
[Source "ChessBase"]
[SourceDate "2020.10.23"]
[SourceVersion "1"]
[SourceVersionDate "2020.10.23"]
[SourceQuality "1"]

1. Nf3 Nf6 2. g3 e6 3. Bg2 d5 4. 0-0 Be7 5. c4 0-0 6. d4 b6 7. cxd5 exd5 8. Nc3 Bb7 9. Ne5 Nbd7 10. Qa4 Nxe5 11. dxe5 Nd7 12. Nxd5 Nc5 13. Qc4 c6 14. Nxe7+ Qxe7 15. Bf4 g5 16. Be3 Qxe5 17. Rfd1 Ne6 18. Rd7 Rab8 19. Rad1 Qxb2 20. h4 Qg7 21. hxg5 Rfd8 22. Bh3 Rxd7 23. Rxd7 Nf8 24. Rc7 c5 25. f3 Re8 26. Bf4 Ba8 27. Rxa7 Ng6 28. Bd7 Rf8 29. Bd6 Qa1+ 30. Kf2 Ne5 31. Qf4 Nxd7 32. Bxf8 Bc6 33. Bh6 Qh1 34. Rxd7 Qh2+ 35. Ke1 Qg1+ 36. Kd2 1-0

[Event "Titled Tuesday intern op 7th June"]
[Site "Chess.com INT"]
[Date "2016.06.07"]
[Round "5"]
[White "Tereick, Benjamin"]
[Black "Vovk, Yuri"]
[Result "0-1"]
[WhiteElo "2426"]
[BlackElo "2594"]
[PlyCount "92"]
[EventDate "2016.06.07"]
[EventType "swiss (blitz)"]
[EventRounds "9"]
[EventCountry "USA"]
[SourceTitle "EXT 2021"]
[Source "ChessBase"]
[SourceDate "2020.10.23"]
[SourceVersion "1"]
[SourceVersionDate "2020.10.23"]
[SourceQuality "1"]

1. Nf3 Nf6 2. g3 g6 3. b3 Bg7 4. Bb2 0-0 5. Bg2 d6 6. d4 c5 7. 0-0 cxd4 8. Nxd4 d5 9. c4 dxc4 10. Na3 cxb3 11. Qxb3 Nc6 12. Rfd1 Nxd4 13. Bxd4 Qa5 14. Nc4 Qh5 15. Ne5 Ng4 16. Nxg4 Bxg4 17. Bxg7 Kxg7 18. Qxb7 e5 19. h3 Bxh3 20. Bf3 Bg4 21. Rd7 Bxf3 22. exf3 Rad8 23. Kg2 Qf5 24. Rxd8 Rxd8 25. Qxa7 Rd3 26. Qb7 Ra3 27. Qe4 Qxe4 28. fxe4 h5 29. Kh2 g5 30. Kg2 Kg6 31. Kf1 f5 32. exf5+ Kxf5 33. Kg2 e4 34. Kh2 Kg4 35. Kg2 h4 36. gxh4 gxh4 37. Re1 h3+ 38. Kh2 Kf3 39. Re3+ Rxe3 40. fxe3 Kxe3 41. a4 Kf2 42. a5 e3 43. a6 e2 44. a7 e1Q 45. a8Q Qg1+ 46. Kxh3 Qg3# 0-1

[Event "BL2-West 1516"]
[Site "Germany"]
[Date "2016.03.13"]
[Round "8.2"]
[White "Koch, Thomas"]
[Black "Tereick, Benjamin"]
[Result "1/2-1/2"]
[WhiteElo "2467"]
[BlackElo "2429"]
[PlyCount "53"]
[EventDate "2015.09.20"]
[EventType "team-tourn"]
[EventRounds "9"]
[EventCountry "GER"]
[SourceTitle "EXT 2017"]
[Source "ChessBase"]
[SourceDate "2016.10.25"]
[SourceVersion "1"]
[SourceVersionDate "2016.10.25"]
[SourceQuality "1"]
[WhiteTeam "Aachen SV"]
[BlackTeam "Dinslaken"]
[WhiteTeamCountry "GER"]
[BlackTeamCountry "GER"]

1. d4 d5 2. c4 dxc4 3. Nf3 Nf6 4. e3 b5 5. a4 b4 6. Bxc4 Bb7 7. a5 e6 8. a6 Bd5 9. Bd3 Nbd7 10. Nbd2 Rb8 11. 0-0 Be7 12. e4 Ba8 13. Qe2 c5 14. Nc4 0-0 15. Bf4 Rc8 16. Rfd1 cxd4 17. Nxd4 Nb6 18. Nb3 Nxc4 19. Bxc4 Qb6 20. Bd3 e5 21. Be3 Qe6 22. Nd2 Bc5 23. Rac1 Nd7 24. Bb5 Bxe3 25. Qxe3 Nb6 26. f3 Bc6 27. Be2 1/2-1/2

[Event "Titled Tuesday intern op1 1st March"]
[Site "Chess.com INT"]
[Date "2016.03.01"]
[Round "2"]
[White "Tereick, Benjamin"]
[Black "Haussernot, Cecile"]
[Result "1-0"]
[WhiteElo "2431"]
[BlackElo "2186"]
[PlyCount "53"]
[EventDate "2016.03.01"]
[EventType "swiss (blitz)"]
[EventRounds "9"]
[EventCountry "USA"]
[SourceTitle "EXT 2021"]
[Source "ChessBase"]
[SourceDate "2020.10.23"]
[SourceVersion "1"]
[SourceVersionDate "2020.10.23"]
[SourceQuality "1"]

1. Nf3 c5 2. c4 Nc6 3. Nc3 Nf6 4. e3 e5 5. a3 Be7 6. d4 cxd4 7. exd4 exd4 8. Nxd4 0-0 9. Nc2 Bc5 10. Be2 a5 11. 0-0 d6 12. Be3 Bf5 13. Bd3 Bxd3 14. Qxd3 Ne5 15. Qe2 Rc8 16. Bxc5 Rxc5 17. Ne3 Re8 18. b3 Neg4 19. Ncd1 Nxe3 20. Nxe3 Ne4 21. Qd3 Qh4 22. Nd5 b5 23. Rae1 bxc4 24. bxc4 Re5 25. g3 Qg4 26. f3 Qh3 27. Rxe4 1-0

[Event "Titled Tuesday intern op 1st March"]
[Site "Chess.com INT"]
[Date "2016.03.01"]
[Round "1"]
[White "Tereick, Benjamin"]
[Black "Ozen, Bahadir"]
[Result "0-1"]
[WhiteElo "2310"]
[BlackElo "2556"]
[PlyCount "82"]
[EventDate "2016.03.01"]
[EventType "swiss (blitz)"]
[EventRounds "9"]
[EventCountry "USA"]
[SourceTitle "EXT 2021"]
[Source "ChessBase"]
[SourceDate "2020.10.23"]
[SourceVersion "1"]
[SourceVersionDate "2020.10.23"]
[SourceQuality "1"]

1. Nf3 d6 2. d4 g6 3. e4 Bg7 4. c3 Nf6 5. Bd3 0-0 6. 0-0 Nc6 7. d5 Nb8 8. c4 c6 9. Nc3 Bg4 10. h3 Bxf3 11. Qxf3 Nbd7 12. Qd1 cxd5 13. cxd5 Rc8 14. Re1 a6 15. Be3 Ne5 16. Bf1 Nfd7 17. Bd4 b5 18. a4 bxa4 19. f4 Rb8 20. Nxa4 Rb4 21. fxe5 Nxe5 22. Bc3 Rb8 23. Kh1 f5 24. Qd2 f4 25. Bxa6 f3 26. Bf1 Qd7 27. Bd4 fxg2+ 28. Qxg2 Nf3 29. Bxg7 Nxe1 30. Rxe1 Kxg7 31. Nc3 Qb7 32. Re2 Qb6 33. e5 dxe5 34. Ne4 h6 35. h4 Rf5 36. Ng3 Rf7 37. Rxe5 Rbf8 38. Bd3 Kh8 39. Re6 Qd4 40. Bxg6 Rf2 41. Qg1 Qxh4+ 0-1

[Event "BEL-chT 1516"]
[Site "Belgium"]
[Date "2015.11.22"]
[Round "4.7"]
[White "Boidman, Yuri"]
[Black "Tereick, Benjamin"]
[Result "1/2-1/2"]
[WhiteElo "2332"]
[BlackElo "2431"]
[PlyCount "69"]
[EventDate "2015.09.27"]
[EventType "team-tourn"]
[EventRounds "11"]
[EventCountry "BEL"]
[SourceTitle "EXT 2017"]
[Source "ChessBase"]
[SourceDate "2016.10.25"]
[SourceVersion "1"]
[SourceVersionDate "2016.10.25"]
[SourceQuality "1"]
[WhiteTeam "Wirtzfeld"]
[BlackTeam "Eynatten"]
[WhiteTeamCountry "BEL"]
[BlackTeamCountry "BEL"]

1. e4 e6 2. Nf3 d5 3. Nc3 Nf6 4. e5 Nfd7 5. Ne2 c5 6. c3 Nc6 7. d4 cxd4 8. cxd4 f6 9. Nf4 Bb4+ 10. Bd2 Qe7 11. exf6 Nxf6 12. Bd3 Ne4 13. Bxe4 dxe4 14. Ne5 Nxe5 15. dxe5 0-0 16. 0-0 Bxd2 17. Qxd2 Qg5 18. g3 Qxe5 19. Rac1 b6 20. Rfd1 g5 21. Nh5 Bb7 22. Qd4 Qxd4 23. Rxd4 Bd5 24. g4 Rf7 25. a3 Raf8 26. Rd2 Rf3 27. Rdc2 e3 28. fxe3 Rxe3 29. Rc8 Ref3 30. Rxf8+ Rxf8 31. Rc7 a5 32. Rg7+ Kh8 33. Rxg5 Rf7 34. Re5 h6 35. Re3 1/2-1/2

[Event "Oberliga NRW 1415"]
[Site "Germany"]
[Date "2014.09.14"]
[Round "1.2"]
[White "Tereick, Benjamin"]
[Black "Rezasade, Amir"]
[Result "1/2-1/2"]
[WhiteElo "2421"]
[BlackElo "2259"]
[PlyCount "175"]
[EventDate "2014.09.14"]
[EventType "team-tourn"]
[EventRounds "9"]
[EventCountry "GER"]
[SourceTitle "EXT 2017"]
[Source "ChessBase"]
[SourceDate "2016.10.25"]
[SourceVersion "1"]
[SourceVersionDate "2016.10.25"]
[SourceQuality "1"]
[WhiteTeam "Wattenscheid"]
[BlackTeam "Muelheim Nord II"]
[WhiteTeamCountry "GER"]
[BlackTeamCountry "GER"]

1. Nf3 d5 2. c4 c6 3. e3 Nf6 4. Qc2 g6 5. b3 Bg7 6. Bb2 0-0 7. Be2 a5 8. 0-0 Na6 9. a3 Bf5 10. d3 Rc8 11. Nbd2 Nc5 12. Nd4 Bd7 13. Rfd1 Qb6 14. Bc3 Ne6 15. N4f3 Bh6 16. d4 Ng5 17. Nxg5 Bxg5 18. b4 axb4 19. Bxb4 Bf5 20. Bd3 Bxd3 21. Qxd3 Nd7 22. Qb3 dxc4 23. Nxc4 Qb5 24. a4 Qa6 25. f4 Bf6 26. Ne5 Rc7 27. Ng4 c5 28. Nxf6+ exf6 29. dxc5 Nxc5 30. Qd5 Qb6 31. Rab1 Rb8 32. a5 Qc6 33. Bxc5 Qxc5 34. Qxc5 Rxc5 35. a6 b6 36. Rd6 Ra5 37. Rdxb6 Ra8 38. Rb8+ Rxb8 39. Rxb8+ Kg7 40. Ra8 Ra2 41. e4 Ra4 42. a7 Ra2 43. Kf1 h5 44. Ke1 Ra1+ 45. Kd2 Ra2+ 46. Kc3 Ra4 47. Kb3 Ra1 48. Kc4 Ra4+ 49. Kb5 Ra2 50. Kb6 Rb2+ 51. Kc5 Ra2 52. Kc6 Rc2+ 53. Kb7 Rb2+ 54. Kc7 Rc2+ 55. Kd7 Rd2+ 56. Ke7 Ra2 57. g3 Ra4 58. Kd6 Ra6+ 59. Kd7 Ra2 60. Kc6 Rc2+ 61. Kb7 Rb2+ 62. Kc7 Rc2+ 63. Kd7 Rd2+ 64. Kc6 Rc2+ 65. Kd5 Rd2+ 66. Kc4 Ra2 67. Kd3 Ra3+ 68. Ke2 Ra2+ 69. Kf1 Ra1+ 70. Ke2 Ra2+ 71. Kd1 Ra1+ 72. Kc2 Ra2+ 73. Kb3 Ra1 74. h3 Ra5 75. Kb4 Ra1 76. g4 hxg4 77. hxg4 Rb1+ 78. Kc5 Ra1 79. Kb6 Rb1+ 80. Kc7 Ra1 81. Kd7 Ra4 82. f5 gxf5 83. gxf5 Ra5 84. Ke7 Re5+ 85. Kd6 Ra5 86. Ke7 Re5+ 87. Kd6 Ra5 88. Ke7 1/2-1/2

[Event "BL2-Ost 1314"]
[Site "Germany"]
[Date "2013.10.13"]
[Round "2.4"]
[White "Kirchner, Thomas"]
[Black "Tereick, Benjamin"]
[Result "0-1"]
[WhiteElo "2318"]
[BlackElo "2418"]
[PlyCount "48"]
[EventDate "2013.10.12"]
[EventType "team-tourn"]
[EventRounds "10"]
[EventCountry "GER"]
[SourceTitle "EXT 2015"]
[Source "ChessBase"]
[SourceDate "2014.11.20"]
[SourceVersion "1"]
[SourceVersionDate "2014.11.20"]
[SourceQuality "1"]
[WhiteTeam "Nuernberg"]
[BlackTeam "Bindlach Aktionaer"]
[WhiteTeamCountry "GER"]
[BlackTeamCountry "GER"]

1. e4 e6 2. d4 d5 3. exd5 exd5 4. Nf3 Nf6 5. Bd3 c5 6. dxc5 Bxc5 7. 0-0 0-0 8. Nc3 Nc6 9. Bg5 h6 10. Bf4 Bg4 11. h3 Bh5 12. Bh2 Re8 13. Ne2 Bxf3 14. gxf3 Nh5 15. Kg2 Qg5+ 16. Bg3 Rxe2 17. Bxe2 Bxf2 18. Rxf2 Qxg3+ 19. Kf1 Nf4 20. Qd2 Re8 21. Re1 Qxh3+ 22. Kg1 Qg3+ 23. Kf1 Re5 24. Bd3 Qh3+ 0-1

[Event "NED-chT 1314"]
[Site "Netherlands"]
[Date "2013.09.21"]
[Round "1.5"]
[White "Tereick, Benjamin"]
[Black "Van der Stricht, Geert"]
[Result "1/2-1/2"]
[WhiteElo "2419"]
[BlackElo "2371"]
[PlyCount "81"]
[EventDate "2013.09.21"]
[EventType "team-tourn"]
[EventRounds "9"]
[EventCountry "NED"]
[SourceTitle "EXT 2015"]
[Source "ChessBase"]
[SourceDate "2014.11.20"]
[SourceVersion "1"]
[SourceVersionDate "2014.11.20"]
[SourceQuality "1"]
[WhiteTeam "Voerendaal"]
[BlackTeam "Calder HMC"]
[WhiteTeamCountry "NED"]
[BlackTeamCountry "NED"]

1. Nf3 d5 2. d4 Nf6 3. c4 c6 4. e3 Bg4 5. cxd5 Bxf3 6. Qxf3 cxd5 7. Nc3 e6 8. Bd3 Nc6 9. Qg3 g6 10. 0-0 Bd6 11. f4 0-0 12. Bd2 Nb4 13. Bb1 Rc8 14. Qf3 a6 15. Na4 Qe8 16. Nc5 b6 17. Bxb4 bxc5 18. dxc5 Bxc5 19. Bc3 Qd8 20. Kh1 Ne8 21. Bd3 Qb6 22. f5 exf5 23. Qxd5 Nc7 24. Qf3 Nb5 25. e4 fxe4 26. Bxe4 Bd4 27. Bb4 Nd6 28. Bxd6 Qxd6 29. Rad1 Rcd8 30. b3 Kg7 31. Bd3 Qb6 32. Bc4 f5 33. Rfe1 Bf6 34. Re6 Rxd1+ 35. Qxd1 Rd8 36. Qf1 Rd6 37. Rxd6 Qxd6 38. Bxa6 Be5 39. Qd3 Bxh2 40. Qxd6 Bxd6 41. Kg1 1/2-1/2

[Event "Oberliga NRW 1213"]
[Site "Germany"]
[Date "2013.04.07"]
[Round "8.3"]
[White "Tereick, Benjamin"]
[Black "De Gleria, Francesco"]
[Result "1-0"]
[WhiteElo "2373"]
[BlackElo "2335"]
[PlyCount "103"]
[EventDate "2012.09.16"]
[EventType "team-tourn"]
[EventRounds "9"]
[EventCountry "GER"]
[SourceTitle "EXT 2017"]
[Source "ChessBase"]
[SourceDate "2016.10.25"]
[SourceVersion "1"]
[SourceVersionDate "2016.10.25"]
[SourceQuality "1"]
[WhiteTeam "Bochum Wattenscheid II"]
[BlackTeam "Duesseldorf"]
[WhiteTeamCountry "GER"]
[BlackTeamCountry "GER"]

1. c4 Nf6 2. Nc3 g6 3. e4 d6 4. d4 Bg7 5. h3 0-0 6. Bg5 c5 7. d5 Qa5 8. Bd2 e6 9. Bd3 Re8 10. Nge2 Nbd7 11. f4 exd5 12. exd5 b5 13. Nxb5 Qb6 14. Qc2 Nf8 15. g4 Rb8 16. 0-0-0 Ba6 17. Nbc3 Nxd5 18. Nxd5 Bxb2+ 19. Kb1 Qc6 20. Qxb2 Qxd5 21. cxd5 Bxd3+ 22. Ka1 Rxb2 23. Kxb2 Bxe2 24. Rb1 Bd3 25. Rbe1 Be4 26. Ka1 Nd7 27. Re3 Nb6 28. Rhe1 f5 29. gxf5 gxf5 30. Rg3+ Kf7 31. Reg1 Nxd5 32. Rg7+ Ke6 33. Rxh7 Nb6 34. Bc3 Nc4 35. Rxa7 Rb8 36. Ra6 Ne3 37. Rxd6+ Ke7 38. Rg7+ Kxd6 39. Be5+ Kd5 40. Bxb8 Kd4 41. Kb2 Kd3 42. Rd7+ Nd5 43. h4 Ke3 44. Rg7 c4 45. h5 c3+ 46. Kc1 c2 47. h6 Nb4 48. Rc7 Nd3+ 49. Kxc2 Nxf4+ 50. Kb2 Ng6 51. Rg7 f4 52. h7 1-0

[Event "NED-chT 1213"]
[Site "Netherlands"]
[Date "2013.04.06"]
[Round "8.7"]
[White "Van de Griendt, Jan Willem"]
[Black "Tereick, Benjamin"]
[Result "0-1"]
[WhiteElo "2323"]
[BlackElo "2393"]
[PlyCount "72"]
[EventDate "2012.09.15"]
[EventType "team-tourn"]
[EventRounds "9"]
[EventCountry "NED"]
[SourceTitle "EXT 2014"]
[Source "ChessBase"]
[SourceDate "2013.11.20"]
[SourceVersion "1"]
[SourceVersionDate "2013.11.20"]
[SourceQuality "1"]
[WhiteTeam "Rotterdam"]
[BlackTeam "Voerendaal"]
[WhiteTeamCountry "NED"]
[BlackTeamCountry "NED"]

1. d4 d5 2. c4 dxc4 3. Nf3 a6 4. g3 c5 5. Bg2 cxd4 6. Qxd4 Qxd4 7. Nxd4 e5 8. Nc2 Nc6 9. Bxc6+ bxc6 10. Ne3 Be6 11. Nd2 Bb4 12. a3 Bxd2+ 13. Bxd2 Rb8 14. Bc3 f6 15. f4 exf4 16. gxf4 Ne7 17. Rg1 Kf7 18. 0-0-0 Rhd8 19. a4 Rxd1+ 20. Rxd1 Nd5 21. Nxd5 Bxd5 22. Kd2 Ke6 23. Rg1 Rb7 24. a5 Kf5 25. e3 c5 26. Ke2 Rd7 27. Rc1 Bf7 28. Be1 Ke4 29. Kf2 Rd3 30. Rc3 Rd1 31. Rc2 Rb1 32. Rd2 Bd5 33. Rc2 Kf5 34. Rd2 Be4 35. Ke2 Bd3+ 36. Kf2 Ke4 0-1

[Event "Bundesliga 1213"]
[Site "Germany"]
[Date "2013.02.23"]
[Round "9"]
[White "Tereick, Benjamin"]
[Black "Kasimdzhanov, Rustam"]
[Result "1/2-1/2"]
[WhiteElo "2398"]
[BlackElo "2690"]
[PlyCount "105"]
[EventDate "2012.10.20"]
[EventType "team-tourn"]
[EventRounds "15"]
[EventCountry "GER"]
[SourceTitle "CBM 153"]
[Source "ChessBase"]
[SourceDate "2013.03.14"]
[SourceVersion "1"]
[SourceVersionDate "2013.03.14"]
[SourceQuality "1"]
[WhiteTeam "Wattenscheid"]
[BlackTeam "Baden-Baden"]
[WhiteTeamCountry "GER"]
[BlackTeamCountry "GER"]

1. Nf3 d5 2. d4 Nf6 3. c4 e6 4. g3 c6 5. Qc2 Be7 6. Bg2 0-0 7. 0-0 b6 8. b3 Bb7 9. Nc3 a5 10. Rd1 Na6 11. a3 Rc8 12. e4 Nd7 13. Qe2 Nc7 14. Rb1 Ba6 15. Qb2 dxc4 16. bxc4 Bxc4 17. Ne5 Nxe5 18. dxe5 Qe8 19. Qxb6 Nb5 20. Nxb5 cxb5 21. Qxa5 Qc6 22. Bb2 Ra8 23. Qc3 Ra4 24. Ra1 Rfa8 25. Rd6 Qe8 26. Rad1 Qf8 27. Bf1 Bxf1 28. Kxf1 Rxe4 29. Rb6 Rea4 30. Rxb5 Bxa3 31. Bxa3 Rxa3 32. Qb4 g5 33. Qxf8+ Kxf8 34. Rd7 R3a7 35. Rxa7 Rxa7 36. Kg2 Ra4 37. h3 h5 38. Kf3 Kg7 39. Rb3 Kg6 40. Rb5 Ra3+ 41. Kg2 Rd3 42. g4 Rd4 43. Kg3 h4+ 44. Kg2 Rd5 45. Rxd5 exd5 46. f3 f6 47. e6 Kg7 48. f4 gxf4 49. Kf3 Kf8 50. Kxf4 Ke8 51. g5 Ke7 52. gxf6+ Kxf6 53. e7 1/2-1/2

[Event "Baden-Baden Grenke op 1st"]
[Site "Baden-Baden"]
[Date "2013.02.13"]
[Round "7"]
[White "Tereick, Benjamin"]
[Black "Karpatchev, Aleksandr"]
[Result "0-1"]
[WhiteElo "2382"]
[BlackElo "2484"]
[PlyCount "125"]
[EventDate "2013.02.07"]
[EventType "swiss"]
[EventRounds "9"]
[EventCountry "GER"]
[SourceTitle "CBM 152 Extra"]
[Source "ChessBase"]
[SourceDate "2013.02.25"]
[SourceVersion "1"]
[SourceVersionDate "2013.02.25"]
[SourceQuality "1"]

1. Nf3 d5 2. d4 Nc6 3. e3 Bg4 4. Bb5 e6 5. Nbd2 Nge7 6. h3 Bh5 7. c3 a6 8. Bd3 e5 9. dxe5 Nxe5 10. Be2 Nxf3+ 11. Bxf3 Bxf3 12. Nxf3 Qd7 13. 0-0 0-0-0 14. e4 Nc6 15. Qxd5 Qxd5 16. exd5 Rxd5 17. Be3 Be7 18. Rfd1 Rhd8 19. Rxd5 Rxd5 20. Kf1 Bf6 21. Rc1 Ra5 22. a3 Rd5 23. Ke2 Na5 24. Nd2 b5 25. Rd1 Re5 26. Kd3 Re6 27. Kc2 h6 28. a4 Bg5 29. Bxg5 hxg5 30. axb5 axb5 31. b4 Nc6 32. Nf3 f6 33. Rd5 Re2+ 34. Rd2 Re4 35. Nd4 Nxd4+ 36. cxd4 Kd7 37. Kd3 Re1 38. Re2 Rb1 39. Kc3 Rc1+ 40. Rc2 Rg1 41. f3 Kd6 42. Rd2 c6 43. Kb3 Kd5 44. Kc3 Rc1+ 45. Kb3 Rc4 46. Re2 Rxd4 47. Re7 Rd3+ 48. Kc2 Kc4 49. Rxg7 Rc3+ 50. Kd2 Kxb4 51. Rf7 c5 52. Rxf6 Ra3 53. g4 c4 54. Ke2 Ra2+ 55. Ke3 Kc3 56. f4 gxf4+ 57. Kxf4 b4 58. Rb6 b3 59. g5 Ra1 60. g6 b2 61. h4 b1Q 62. Rxb1 Rxb1 63. h5 0-1

[Event "Baden-Baden Grenke op 1st"]
[Site "Baden-Baden"]
[Date "2013.02.11"]
[Round "5"]
[White "Tereick, Benjamin"]
[Black "Bacrot, Etienne"]
[Result "0-1"]
[WhiteElo "2382"]
[BlackElo "2704"]
[PlyCount "74"]
[EventDate "2013.02.07"]
[EventType "swiss"]
[EventRounds "9"]
[EventCountry "GER"]
[SourceTitle "CBM 152 Extra"]
[Source "ChessBase"]
[SourceDate "2013.02.25"]
[SourceVersion "1"]
[SourceVersionDate "2013.02.25"]
[SourceQuality "1"]

1. Nf3 g6 2. e4 d6 3. d4 Nf6 4. Bd3 Bg7 5. 0-0 0-0 6. c3 Nbd7 7. Re1 e5 8. Nbd2 Re8 9. a4 a5 10. Nc4 b6 11. dxe5 dxe5 12. b4 Bb7 13. Qb3 Nh5 14. Ba3 Bc6 15. b5 Bb7 16. Ne3 Nf4 17. Bc4 Ne6 18. Bd5 Ndc5 19. Qc4 Bxd5 20. exd5 Nf4 21. Bxc5 bxc5 22. Nd2 f5 23. Nb3 Bf8 24. Nxc5 Bxc5 25. Qxc5 e4 26. Qd4 Qg5 27. Rad1 Nd3 28. Re2 f4 29. d6 fxe3 30. Rxe3 Nf4 31. Qc4+ Kf8 32. Rg3 Qh5 33. Re1 cxd6 34. f3 Rac8 35. Qd4 Qc5 36. fxe4 Ne6 37. Rf3+ Kg8 0-1